Le traitement des maladies du coeur et de l'aorte en clientèle / (Record no. 63733)

MARC details
000 -LEADER
campo de control de longitud fija 00561nam a2200181 i 4500
001 - NÚMERO DE CONTROL
campo de control 63733
003 - IDENTIFICADOR DE NÚMERO DE CONTROL
campo de control ES-MaACL
005 - FECHA Y HORA DE LA ÚLTIMA TRANSACCIÓN
campo de control 20230906164944.0
007 - CAMPO FIJO DE DESCRIPCIÓN FÍSICA--INFORMACIÓN GENERAL
campo de control de longitud fija t|
008 - DATOS DE LONGITUD FIJA--INFORMACIÓN GENERAL
campo de control de longitud fija 031216s1917 fr ||||1| fre d
100 1# - ENTRADA PRINCIPAL--NOMBRE DE PERSONA
Nombre de persona Fiessinger, Ch.
9 (RLIN) 50726
245 13 - MENCIÓN DEL TÍTULO
Título Le traitement des maladies du coeur et de l'aorte en clientèle /
Mención de responsabilidad, etc. par Ch. Fiessinger.
250 ## - MENCION DE EDICION
Mención de edición 2eme ed. rev. et aug.
260 ## - PUBLICACIÓN, DISTRIBUCIÓN, ETC.
Lugar de publicación, distribución, etc. Paris :
Nombre del editor, distribuidor, etc. [s.n.],
Fecha de publicación, distribución, etc. 1917 (
Lugar de fabricación/manufactura Evreux :
Fabricante Ch. Herissey)
300 ## - DESCRIPCIÓN FÍSICA
Extensión IV, 425 p. ;
Dimensiones 19 cm.
650 #4 - PUNTO DE ACCESO ADICIONAL DE MATERIA--TÉRMINO DE MATERIA
Término de materia o nombre geográfico como elemento de entrada Corazón-
Subdivisión general Enfermedades.
9 (RLIN) 144728
852 ## - LOCALIZACIÓN
Ubicación ES-MaACL
Número de control de estantería B-11937
Holdings
Estatus retirado Estado de pérdida Estado de daño No para préstamo Biblioteca de origen Biblioteca actual Ubicación en estantería Fecha de adquisición Fuente de adquisición Total de préstamos Signatura topográfica completa Código de barras Visto por última vez Precio de reemplazo Tipo de ítem Koha
        Biblioteca del Ateneo de Madrid Biblioteca del Ateneo de Madrid Sala Pardo Bazán 17/01/2008     B-11937 1066794 23/02/2023 23/02/2023 Libro impreso